| 000 | 00854nam a2200241 u 4500 | ||
|---|---|---|---|
| 001 | 000055842 | ||
| 005 | 20200120223152.0 | ||
| 008 | 130607s2009 ck er 000 p spa d | ||
| 020 | _a9789589787991. | ||
| 041 | 0 | _a/spa | |
| 043 | _as-ck--- | ||
| 090 |
_aAP _bCONb |
||
| 245 | 0 | 0 |
_aConsejo para la buena muerte : _bpanorama de poetas contemporáneos del suroccidente de Colombia / _cEsmir Garcés, compilador ; editor Guillermo Martínez González. |
| 250 | _a1a. ed. | ||
| 260 |
_aBogotá : _bAcademia Huilense de Historia, _bTrilce Editores, _c2009. |
||
| 300 | _a195 p. | ||
| 490 | 0 | _aSerie Literatura | |
| 650 | 1 | 4 | _aPoesía adulto colombiana. |
| 650 | 2 | 4 | _aLiteratura adulto colombiana. |
| 650 | 2 | 4 | _aAmor en la literatura |
| 700 | 1 |
_aGarcés Quiacha, Esmir, _d1969- _ecompilador. |
|
| 700 | 1 |
_aMartínez González, Guillermo, _d1952-, _eeditor. |
|
| 999 |
_c5388 _d5388 |
||